| 000 | 00885nam a2200253 i 4500 | ||
|---|---|---|---|
| 001 | 17152 | ||
| 003 | ES-MaACL | ||
| 005 | 20250827062542.0 | ||
| 007 | t| | ||
| 008 | 010108s2000 sp ||||1| spa d | ||
| 020 | _a84-7476-303-7 | ||
| 080 | _a324(64)"1961/..." | ||
| 100 | 1 |
_aLópez García, Bernabé. _973658 |
|
| 245 | 1 | 0 |
_aMarruecos político _b: cuarenta años de procesos electorales (1960-2000) / _cBernabé López García. |
| 250 | _a1ª ed. | ||
| 260 |
_aMadrid : _bCentro de Investigaciones Sociológicas, _c2000. |
||
| 300 |
_aXXII, 335 p. ; _c21 cm. |
||
| 490 | 1 |
_aMonografías ; _v176 |
|
| 650 | 1 | 4 |
_aElecciones- _zMarruecos. _912157 |
| 710 | 2 |
_aCentro de Investigaciones Sociológicas (España) _92708 |
|
| 830 | 0 | 0 |
_aMonografías (Centro de Estudios Benaventanos "Ledo del Pozo") _v176 _9177262 |
| 852 |
_aES-MaACL _jL-23992 _bR.129485 |
||
| 999 |
_c17152 _d17152 |
||